000
00284nam a2200121Ia 4500
008
231129s9999||||xx |||||||||||||| ||spa||
040
_b
spa
082
_a
370.114 L697
245
0
_a
El libro de los valores
260
_c
199
264
_a
Casa Ediotorial El Tiempo
942
_2
ddc
_c
BKS
999
_c
11531
_d
11531